000 00953cab a22002175a 4500
001 E147900
008 090630e20090615xxk 000 0 eng d
035 _a(Sirsi) u147900
041 0 _aeng
100 1 _aSmith, Colin
245 0 0 _aPlanning Act latest
_h[electronic resource]
260 _c2009
490 _aRICS Feature
_v15 June 2009
520 _aSets out the changes in the Scottish planning system which will be brought about by the implementation of the Planning etc. (scotland) Act 2006. Looks at hierarchy of development and statutory pre-application consultation; planning appeals; front loading development plan objections, and culture change.
590 _aKA
650 2 4 _aPLANNING ETC. (SCOTLAND) ACT 2006
651 4 _aScotland
_y1999-
690 _aPlanning and development
_96259
856 4 0 _uhttps://www.rics.org/RICSWEB/getpage.aspx?p=xcU07hWZiUecgg-6RQOdpQ
_zView the article free of charge at www.rics.org...
942 _n0
999 _c81674
_d81674